| 000 | 01326nam0a2200301 4500 | ||
|---|---|---|---|
| 001 | RU\NLR\BIBL_A\010576261 | ||
| 005 | 20150112112236.0 | ||
| 010 |
_a978-5-4332-0173-6 _9300 |
||
| 021 |
_aRU _b2014-81817 _94983 |
||
| 035 | _a(NLR Aleph) 010576261 | ||
| 090 |
_a10443094 _c10443094 |
||
| 100 | _a20141224d2014 u y0rusy50 ca | ||
| 101 | 0 | _arus | |
| 102 | _aRU | ||
| 105 | _aa|||j|||001yy | ||
| 200 | 1 |
_aКриминалистика _eучебное пособие _fС.В. Шушпанов _gМ-во образования и науки Рос. Федерации, Том. гос. ун-т систем упр. и радиоэлектроники (ТУСУР), [Фак. дистанц. обучения] |
|
| 210 |
_aТомск _cЭль контент _d2014 |
||
| 215 |
_a177 с. _cил. _d29 |
||
| 320 | _aБиблиогр.: с. 166-170 (50 назв.) | ||
| 606 | 1 |
_aКриминалистика _jУчебные издания для высших учебных заведений _yРоссийская Федерация _92082870 _3RU\NLR\AUTH\661258910 |
|
| 686 | 1 | _aХ629.4я73 | |
| 700 | 1 |
_aШушпанов _bС. В. _gСергей Васильевич |
|
| 942 | _cBOOK | ||
| 980 | _aSCAN_REQUEST | ||
| 980 | _aNBR | ||
| 980 | _aNB | ||